000 02048nam a2200361 i 4500
001 000027757
003 DO-SdBNP
005 20230803150744.0
006 a||||gr|||| 00| 0
007 ta
008 110404e1980 sp abc gr 001 edspa d
020 _a8430018131 (Obra completa)
020 _a8430052089, v.2
020 _a8430060782
040 _aDO-SdBNP
_bspa
_cBNPHU
_erda
082 4 _a972.93
_bS582g
_222
100 1 _aSilfa, Nicolás,
_d1915-
_954835
_eautor
245 1 0 _aGuerra, traición y exilio /
_cNicolás Silfa.
264 4 _aBarcelona, España :
_bGráficas Porvenir,
_c1980-
300 _avolumen :
_bIlustraciones, mapas ;
_c20 cm.
336 _2rdacontent
_atexto
_btxt
337 _2rdamedia
_asin mediación
_bn
338 _2rdacarrier
_avolumen
_bnc
500 _aIncluye datos biográficos del autor en las solapas de las cubiertas.
504 _aIncluye referencias bilbiográficas y notas al pie de las páginas.
505 _gv. 1
_tUna relacion de hechos para la historia contemporanea de la Republica Dominicana, con apuntaciones y relatos de acontecimientos dignos de memoria en los paises del hemisferio occidental, entre los cuales estan: Colombia, Costa Rica, Cuba, Estados Unidos de America, Guatemala, Haiti, Honduras, Mexico, Puerto Rico (Estado Libre Asociado de U.S.), y Venezuela.
_gv. 2
_tUna relacion de hechos para la historia contemporanea de la Republica Dominicana, con apuntaciones y relatos de acontecimientos dignos de memoria en los paises del hemisferio occidental, entre los cuales estan: Colombia, Costa Rica, Cuba, Estados Unidos de America, Guatemala, Haiti, Honduras, Mexico, Puerto Rico (Estado Libre Asociado de U.S.), y Venezuela.
590 _aInventariado, 2023 / MF
651 4 _aRepública Dominica
_xHistoria
_yOcupación Norteamericana, 1916-1924
_954836
651 4 _aRepública Dominica
_xHistoria
_yEra de Trujillo, 1930-1961
_919019
651 4 _aRepública Dominica
_xHistoria
_yRevolución, 1965
_944927
910 _aValidado. Control de calidad MMOLINA
942 _2ddc
_cLBS1
999 _c27249
_d27249